| 000 | 00735cab a2200253 4500 | ||
|---|---|---|---|
| 001 | ABS57071 | ||
| 008 | 090401t1997 xxu||||| |||| 00| 0 eng d | ||
| 035 | _a(Sirsi) u79157 | ||
| 041 | _aeng | ||
| 100 | _aHuxtable, J. | ||
| 245 | _aStudying the form | ||
| 260 | _c1997 | ||
| 350 | _a0 | ||
| 490 |
_aBuilding _vProcurement Supplement June 1997, 14-15(2) |
||
| 520 | _aReviews Morrison Construction`s subcontract, highlighting potentially hazardous clauses. | ||
| 650 | _aCONTRACT CONDITIONS | ||
| 650 | _aHAZARDOUS CLAUSES | ||
| 650 | _aHAZARDOUS SUBCONTRACTS | ||
| 650 | _aMORRISON CONSTRUCTION | ||
| 650 | _aSUBCONTRACTS | ||
| 690 | _aBUILT ENVIRONMENT-BUILDING CONTRACT FORMS | ||
| 942 | _n0 | ||
| 948 | _c24/06/1997 | ||
| 999 |
_c49753 _d49753 |
||